Catalog

Record Details

Catalog Search



Unbelievably vegan : 100+ life-changing, ... Read More

Morgan, Charity,(author.).
Dorio, Emily,(photographer.).

Available copies

  • 3 of 3 copies available at LARL/NWRL Consortium.
  • 1 of 1 copy available at Northwest Regional Library. (Show preferred library)

Current holds

0 current holds with 3 total copies.

Show Only Available Copies
Location Call Number / Copy Notes Barcode Shelving Location Status Due Date
Thief River Falls Public Library 641.5636 MOR (Text) 35500006542946 Main Available -
Detroit Lakes Public Library 641.5636 MOR (Text) 33500013576392 Main Available -
Fertile Public Library 641.5636 MOR (Text) 33500013576384 Main Available -

Record details

  • ISBN: 9780593232989
  • ISBN: 0593232984
  • Physical Description: 287 pages : color illustrations ; 27 cm.
  • Edition: First edition.
  • Publisher: New York : Clarkson Potter, [2021]

Content descriptions

General Note:
Includes index.
Formatted Contents Note:
Foreword -- Introduction -- My story -- Going ... Read More
Summary, etc.:
"More than 100 big, bold, sock-you-sideways ... Read More
When Morgan's husband decided to go vegan, she was ... Read More
Subject: Vegetarian cooking.
Vegan cooking.
Cooking (Natural foods)
Vegan cooking.
Vegetarian cooking.
Cooking (Natural foods)
HOUSE & HOME / General.
Genre: Cookbooks.
Cookbooks.
LDR 04432cam a22005418i 4500
001384020
003LARL_NWRL_CONSORTIUM
00520220128185713.0
008210611t20222022nyua e 001 0 eng
010 . ‡a 2021028682
040 . ‡aDLC ‡beng ‡erda ‡cDLC ‡dBDX ‡dOCLCO ‡dOCLCF ‡dORX ‡dMOS ‡dRNL ‡dOCL ‡dIK2 ‡dOJ4 ‡dOCLCO ‡dILC ‡dYDX ‡dTOH ‡dNRG
019 . ‡a1245343768 ‡a1266264414 ‡a1292921885 ‡a1293215213 ‡a1293656486
020 . ‡a9780593232989 ‡q(hardcover)
020 . ‡a0593232984 ‡q(hardcover)
020 . ‡z9780593232996 ‡q(ebook)
035 . ‡a(OCoLC)1257313400 ‡z(OCoLC)1245343768 ‡z(OCoLC)1266264414 ‡z(OCoLC)1292921885 ‡z(OCoLC)1293215213 ‡z(OCoLC)1293656486
042 . ‡apcc
08200. ‡a641.5/6362 ‡223
049 . ‡aNRGA
1001 . ‡aMorgan, Charity, ‡eauthor.
24510. ‡aUnbelievably vegan : ‡b100+ life-changing, plant-based recipes: a cookbook / ‡cCharity Morgan ; photographs by Emily Dorio.
250 . ‡aFirst edition.
264 1. ‡aNew York : ‡bClarkson Potter, ‡c[2021]
264 4. ‡c©2021.
300 . ‡a287 pages : ‡bcolor illustrations ; ‡c27 cm.
336 . ‡atext ‡btxt ‡2rdacontent
337 . ‡aunmediated ‡bn ‡2rdamedia
338 . ‡avolume ‡bnc ‡2rdacarrier
500 . ‡aIncludes index.
5050 . ‡aForeword -- Introduction -- My story -- Going plant-based -- Feeding a team -- Why plegan? -- Transitioning: how to go plegan -- The plegan kitchen -- Fundamentals -- Kickoff breakfasts & brunches -- Soup'or bowl -- Crowd pleasers -- Playmaking mains -- Sideline sides -- Sweet victories.
520 . ‡a"More than 100 big, bold, sock-you-sideways plant-based vegan recipes from the breakout star of The Game Changers, chef Charity Morgan. When private celebrity chef Charity Morgan's husband, former NFL linebacker Derrick Morgan, decided to go vegan, she was skeptical. But after Derrick noticed results--more energy, increased stamina, better sleep--and his teammates noticed how good his home-cooked meals looked, many of them asked Charity to cook for them too. Before she knew it, she was delivering meals for nearly two dozen NFL players, and soon enough, Charity and her two ever-so-active elementary school-aged children went vegan too. She hasn't looked back. In her highly anticipated first cookbook, Charity, who was featured in the documentary The Game Changers about how elite athletes use a vegan diet to enhance their performance, breaks the myth that giving up animal protein means sacrificing taste. She taps her Creole and Puerto Rican heritage and love of bold flavor and spice to create a collection of flavor-bomb plant-based alternatives like Creole Krab Cakes with Tarragon Remoulade, Smoky Jambalaya with Blackened Veggies, and Beer Battered Fysh and Chips. Using oyster mushrooms to stand in for chicken thighs, ground walnuts instead of pork, and cashew cream instead of heavy cream and cheese sauces, Charity proves that vegan food can be healthy, fun, filling, and highly flavorful"-- ‡cProvided by publisher.
520 . ‡aWhen Morgan's husband decided to go vegan, she was skeptical. But after he noticed results: more energy, increased stamina, better sleep. And his teammates noticed how good his home-cooked meals looked, many of them asked her to cook for them too. Soon Morgan was delivering meals for nearly two dozen NFL players. Then Morgan and her two ever-so-active elementary school-aged children went vegan too. Here she explains how she tapped her Creole and Puerto Rican heritage and love of bold flavor and spice to create a collection of flavor-bomb plant-based alternatives. Her recipes prove that vegan food can be healthy, fun, filling, and highly flavorful. -- adapted from publisher info
650 7. ‡aVegetarian cooking. ‡2fast ‡0(LARL_NWRL_CONSORTIUM)33838
650 7. ‡aVegan cooking. ‡2fast ‡0(LARL_NWRL_CONSORTIUM)40734
650 7. ‡aCooking (Natural foods) ‡2fast ‡0(LARL_NWRL_CONSORTIUM)175946
650 0. ‡aVegan cooking. ‡0(LARL_NWRL_CONSORTIUM)40734
650 0. ‡aVegetarian cooking. ‡0(LARL_NWRL_CONSORTIUM)33838
650 0. ‡aCooking (Natural foods) ‡0(LARL_NWRL_CONSORTIUM)175946
650 7. ‡aHOUSE & HOME / General. ‡2bisacsh
655 7. ‡aCookbooks. ‡2fast ‡0(LARL_NWRL_CONSORTIUM)175846
655 7. ‡aCookbooks. ‡2lcgft ‡0(LARL_NWRL_CONSORTIUM)175846
7001 . ‡aDorio, Emily, ‡ephotographer.
905 . ‡ubacont
901 . ‡a384020 ‡b ‡c384020 ‡tbiblio ‡soclc

Additional Resources